| 000 | 00567nac a22001811u 4500 | ||
|---|---|---|---|
| 020 | _a025626808 | ||
| 082 |
_a658.81 _bREA |
||
| 090 |
_c9041 _d9041 |
||
| 100 | _a20080729 | ||
| 245 |
_aReady SlidesTransparency Masters To Accompany / _cRay H. Garrison...[et.al] |
||
| 250 | _a8th ed. | ||
| 260 |
_aUSA: _bIrwin,C.1997. _cC.1997. |
||
| 300 |
_a[?]p: _bill; _c30cm |
||
| 500 | _aDistributer: Dar Fathi Taha Mohamed Desouky. | ||
| 511 | _aCatalogued By: Mahitab. | ||
| 650 | _aMarketing . | ||
| 942 |
_cBB _k658.81 REA |
||
| 999 |
_c9041 _d9041 |
||